| 000 | 00836nam a22002417a 4500 | ||
|---|---|---|---|
| 003 | DO-SdBNP | ||
| 005 | 20240903122942.0 | ||
| 008 | 180222b2004 mx || 00| 0 spa d | ||
| 020 | _a9681910117 | ||
| 040 |
_aBPMSU _bspa _cBPMSU |
||
| 082 | 4 |
_222 _a863.6 _bS572u 2004 |
|
| 100 | 1 |
_aSierra i Fabra, Jordi, _d1947- _948 |
|
| 245 | 1 | 0 |
_aZack galaxy : _b(una aventura intergaláctica) / _cJordi Sierra i Fabra ; ilustraciones de Azpiri. |
| 260 |
_aMéxico : _bSantillana Ediciones Generales, _c2004 |
||
| 300 |
_a165 p. : _bil ; _c21 cm |
||
| 490 | 0 | _aAlfaguara. Juvenil | |
| 500 | _aIncluye datos biográficos del autor en la contracubierta | ||
| 590 | _aInventariado, 2024/VM | ||
| 650 | 4 |
_aGalaxias _vNovela juvenil |
|
| 700 | 1 |
_aHigueras Díez, Marta, _eeditor |
|
| 910 | _aVMateo V. Control de calidad BPMSU | ||
| 942 |
_2ddc _cBK |
||
| 999 |
_c13329 _d13329 |
||